Tārīkh al-tarbiyah al-Qibṭīyah, (Record no. 47499)
[ view plain ]
| 000 -LEADER | |
|---|---|
| fixed length control field | 00819cam a22002531 4500 |
| 001 - CONTROL NUMBER | |
| control field | ne 64002647 |
| 003 - CONTROL NUMBER IDENTIFIER | |
| control field | DLC |
| 005 - DATE AND TIME OF LATEST TRANSACTION | |
| control field | 20260227111805.0 |
| 008 - FIXED-LENGTH DATA ELEMENTS--GENERAL INFORMATION | |
| fixed length control field | 840113s1963 ua 000 0 arar |
| 010 ## - LIBRARY OF CONGRESS CONTROL NUMBER | |
| LC control number | ne 64002647 |
| 035 ## - SYSTEM CONTROL NUMBER | |
| System control number | (OCoLC)10296811 |
| 040 ## - CATALOGING SOURCE | |
| Original cataloging agency | DLC |
| Transcribing agency | TxU |
| Modifying agency | TxU |
| -- | DLC |
| 041 0# - LANGUAGE CODE | |
| Language code of text/sound track or separate title | araeng |
| 042 ## - AUTHENTICATION CODE | |
| Authentication code | premarc |
| 050 00 - LIBRARY OF CONGRESS CALL NUMBER | |
| Classification number | LA98 |
| Item number | .N3 |
| 100 1# - MAIN ENTRY--PERSONAL NAME | |
| Personal name | Nasīm, Sulaymān. |
| 245 10 - TITLE STATEMENT | |
| Title | Tārīkh al-tarbiyah al-Qibṭīyah, |
| Statement of responsibility, etc. | taʼlīf Sulaymān Nasīm. bi-Ishrāf Abū al-Futūḥ Raḍwān. Taqdīm Bāhūr Labīb. |
| 260 ## - PUBLICATION, DISTRIBUTION, ETC. | |
| Place of publication, distribution, etc. | al-Qāhirah, |
| Name of publisher, distributor, etc. | Dār al-Karnak lil-Nashr wa-al-Ṭabʻ wa-al-Tawzīʻ |
| Date of publication, distribution, etc. | [1963] |
| 300 ## - PHYSICAL DESCRIPTION | |
| Extent | 253, [26] p. |
| Other physical details | map. |
| Dimensions | 24 cm. |
| 500 ## - GENERAL NOTE | |
| General note | Summary in English. |
| 504 ## - BIBLIOGRAPHY, ETC. NOTE | |
| Bibliography, etc. note | Bibliography: p. [267]-[276] |
| 650 #0 - SUBJECT ADDED ENTRY--TOPICAL TERM | |
| Topical term or geographic name entry element | Education |
| Geographic subdivision | Egypt |
| General subdivision | History. |
| 650 #0 - SUBJECT ADDED ENTRY--TOPICAL TERM | |
| Topical term or geographic name entry element | Copts |
| General subdivision | Education. |
No items available.